000 00545nam a2200193 i 4500
001 36951
003 ES-MaACL
005 20230906155457.0
007 t|
008 030219s1932 sp ||||1| spa d
100 1 _aBrunet, Raymond.
_932167
245 1 0 _aEnfermedades de los vinos /
_cpor Raymond Brunet.
260 _aBarcelona :
_bSalvat,
_c1932.
300 _a152 p. :
_bil. ;
_c21 cm.
490 1 _aBiblioteca agrícola Salvat
830 0 _aBiblioteca agrícola Salvat
_9181672
852 _aES-MaACL
_jA-1120
999 _c36951
_d36951